<?xml version="1.0" encoding="UTF-8"?>
<marc:record xmlns:marc="http://www.loc.gov/MARC21/slim">
   <marc:leader>00000nam a2200000 a 4500</marc:leader>
   <marc:datafield ind1="1" ind2=" " tag="100">
      <marc:subfield code="a">Stavaric, Michael</marc:subfield>
      <marc:subfield code="4">aut</marc:subfield>
      <marc:subfield code="e">Verfasser/-in</marc:subfield>
   </marc:datafield>
   <marc:datafield ind1="1" ind2=" " tag="100">
      <marc:subfield code="a">Dreis, Stella</marc:subfield>
      <marc:subfield code="4">ill</marc:subfield>
      <marc:subfield code="e">Illustrator/-in</marc:subfield>
   </marc:datafield>
   <marc:datafield ind1="0" ind2="0" tag="245">
      <marc:subfield code="a">Die Menschenscheuche</marc:subfield>
   </marc:datafield>
   <marc:datafield ind1="0" ind2="0" tag="245">
      <marc:subfield code="c">Michael Stavaric</marc:subfield>
   </marc:datafield>
   <marc:datafield ind1=" " ind2="1" tag="264">
      <marc:subfield code="a">Mannheim</marc:subfield>
      <marc:subfield code="b">Kunstanstifter Verlag</marc:subfield>
      <marc:subfield code="c">2019</marc:subfield>
   </marc:datafield>
   <marc:datafield ind1="1" ind2=" " tag="520">
      <marc:subfield code="a">Angaben aus der Verlagsmeldung

Die Menschenscheuche / von Michael Stavaric

Der kleine Rabe wundert sich sehr. Von seinem Ausguck aus kann er auf den weiten Feldern eine schauerliche Vogelscheuche beobachten, deren Lumpengewand unheimlich im Wind flattert. Irgendjemand muss sie dort aufgestellt haben. Aber warum tun die Menschen das? Um friedfertige Vögel wie ihn zu vertreiben? Auch seine Mutter weiß ihm
darauf keine zufriedenstellende Antwort zu geben. So beschließt der Rabe eines Tages, es den Menschen gleichzutun. Er baut eine furchteinflößende Menschenscheuche, die alle Menschen in Angst und Schrecken versetzen soll. Und siehe da, sein Plan geht auf. Schon kurze Zeit später erkennt er, wie ein kleines Kind beim Anblick seiner Menschenscheuche in bittere Tränen und helle Panik ausbricht. Da schämt sich der Rabe zutiefst. Und er beschließt, nie wieder eine solche Grobheit zu begehen. Ganz im
Gegenteil …

Diese kleine Geschichte, die von Stella Dreis’ düsterintensiven und zugleich subtilen Illustrationen liebevoll eingebettet wird, ist der wunderschöne Beweis dafür, dass der Mensch noch einiges von der fabelhaften Tierwelt lernen kann.
</marc:subfield>
   </marc:datafield>
   <marc:datafield ind1=" " ind2=" " tag="020">
      <marc:subfield code="a">9783942795654</marc:subfield>
      <marc:subfield code="9">9783942795654</marc:subfield>
   </marc:datafield>
   <marc:datafield ind1=" " ind2=" " tag="020">
      <marc:subfield code="a">3942795655</marc:subfield>
      <marc:subfield code="9">3942795655</marc:subfield>
   </marc:datafield>
   <marc:datafield ind1=" " ind2=" " tag="041">
      <marc:subfield code="a">ger</marc:subfield>
   </marc:datafield>
   <marc:datafield ind1=" " ind2=" " tag="300">
      <marc:subfield code="a">40 Seiten in 1 Teil</marc:subfield>
   </marc:datafield>
</marc:record>
